Parecía un paraíso /

Gespeichert in:
Bibliographische Detailangaben
1. Verfasser: Cheever, John
Format: Unbekannt
Sprache:Spanish
Veröffentlicht: Buenos Aires, Argentina : Emecé Editores, 1983.
Ausgabe:1 edición
Tags: Tag hinzufügen
Keine Tags, Fügen Sie den ersten Tag hinzu!

MARC

LEADER 000000000a22000000004500
001 008187
020 |a 9500402521 
041 0 |a spa 
082 0 4 |a 813   |b CH515p 
100 1 |a Cheever, John 
245 1 0 |a Parecía un paraíso /   |c John Cheever. 
250 |a 1 edición 
260 1 |a Buenos Aires, Argentina :   |b Emecé Editores,   |c 1983. 
300 |a 143 páginas 
500 |a Titulo original: Oh, what a paradise it seems 
999 |c 13784  |d 13784 
942 |c BK  |h 813 CH515p  |2 z